Dawne guziki polskie

Titel: Dawne guziki polskie / przez Wal. Bag.
Verfasser:
Veröffentlicht: Kraków : Towarzystwo Numizmatyczne, [1988?]
Umfang: 20 S. ; 23 cm
Format: Buch
Sprache: Polnisch
Schlagworte:
Kein Bild verfügbar
X
alg: 53183502
001A    $03004:18-07-25 
001B    $03004:18-07-25 $t15:03:25.000 
001D    $03004:18-07-25 
001U    $0utf8 
001X    $00 
002@    $0Aay 
003@    $0531835022 
003O    $0838339288 $aOCoLC 
010@    $apol 
011@    $a1899 $n[1988?] 
021A    $aDawne guziki polskie $hprzez Wal. Bag. 
028A    $BVerfasser $4aut $7 $8Bagiński, Walery [Tnu] $9531834948 
033A    $pKraków $nTowarzystwo Numizmatyczne 
034D    $a20 S. 
034I    $a23 cm 
037A    $aEstr wyd. 2 
044K    $RPolen-Litauen $RKongresspolen $RWestgalizien $RStaat Krakau $#Generalgouvernement Polen $#Polska $#Rzeczpospolita Polska $#Polska Rzeczpospolita Ludowa $#Poland $#Pologne $#République Polonaise $#Generalne Gubernatorstwo w Polsce $#Polish People's Republic $#Polska Rzeczpospolita Polen $#PRL $#RP $#Polen Generalgouvernement $#Polska Generalgouvernement $#Besetzte Polnische Gebiete $#Besetztes Gebiet in Polen $#Okupowane Polskie Obszary $#Obszary Okupowane w Polsce $#Volksrepublik Polen $#Polska Rosyjska $#Republic Polen $#Respublika Pol'ša $#Pol'skaja Narodnaja Respublika $#République de Pologne $#Polen Links der Weichsel $#Polska po Lewej Stronie Wisły $#Lenkija $#Polija $#Gubernija Carstva Pol'skago $#Republik Polen $74046496-9 $8Polen [Tg1] $9085129801 
044K    $RKleidung $#Uniforms $#Uniformes $#Uniformi $#Uniformes $#Militär Uniform $#Militär Kleidung $#Uniform Militär $#Kleidung Militär $#Uniformen $74061751-8 $8Uniform [Ts1] $9085171514 
044K    $RRüstung $#Militari $#Militär $#Militär $#Heerwesen $#Kriegswesen $#Streitkräfte $#Wehrwesen $#Militärwesen $#Armee Militär $74039305-7 $8Militär [Tsz] $9085107107 
044K    $RVerschluss $RKurzwaren $#Buttons $#Boutons $#Bottoni $#Knöpfe $74246280-0 $8Knopf [Ts1] $9086297899 
045F    $a355.0094380904 $eDDC23BSB 
045F/01 $a355.009 
045F/03 $f0904 
045F/03 $g438 
046R    $aAus: Wiadomości numizmatyczo-archeologiczne, nr 1.1899 

lok: 53183502 24

exp: 53183502 24 1 #EPN
201B/01 $018-07-25 $t15:06:51.000 
201C/01 $018-07-25 
201U/01 $0utf8 
203@/01 $01314126652 
208@/01 $a18-07-25 $bz 
209A/01 $aIm Kleinschriftenkasten-jwa / 25.03773 $du $f050 $h25 03773 $x00 
209C/01 $a25.03773 G $h25 03773 G 
209G/01 $a74957196 $x00 
220C/01 $ajwa 
247C/01 $8358050-7 Marburg, Bibliothek des Herder-Instituts Marburg $9102600961
LEADER 00000nam a22000002c 4500
001 531835022
003 DE-603
005 20250718150325.0
007 tu
008 250718s1899 xx |||| | u00||u|pol c
035 |a (DE-599)HEB531835022 
035 |a (OCoLC)838339288 
040 |a DE-603  |b ger  |c DE-603  |d DE-603 
041 |a pol 
082 0 4 |8 1\u  |a 355.0094380904  |q DE-101  |2 23/BSB 
085 |8 1\u  |b 355.009 
085 |8 1\u  |z 1  |s 0904 
085 |8 1\u  |z 2  |s 438 
100 1 |a Bagiński, Walery  |e Verfasser  |4 aut  |0 (DE-603)531834948 
245 0 0 |a Dawne guziki polskie  |c przez Wal. Bag. 
264 1 |a Kraków  |b Towarzystwo Numizmatyczne  |c [1988?] 
300 |a 20 S.  |c 23 cm 
500 |a Estr wyd. 2 
500 |a Aus: Wiadomości numizmatyczo-archeologiczne, nr 1.1899 
650 7 |a Uniform  |0 (DE-588)4061751-8  |0 (DE-603)085171514  |2 gnd 
650 7 |a Militär  |0 (DE-588)4039305-7  |0 (DE-603)085107107  |2 gnd 
650 7 |a Knopf  |0 (DE-588)4246280-0  |0 (DE-603)086297899  |2 gnd 
651 7 |a Polen  |0 (DE-588)4046496-9  |0 (DE-603)085129801  |2 gnd 
924 0 |9 Mb 50  |a (DE-603)1314126652  |b DE-Mb50  |c HES  |d c  |g Im Kleinschriftenkasten-jwa / 25.03773